00657nam a22002057a 450000500170000001000220001702000260003903500170006503500140008203500130009603700190010903700130012808200170014110000220015824500890018026000320026927000730030130000260037450000510040020170512120307.0 a1617EN ENG-117572 a9788185708522c795.00 aB-647567-574 aEN-101104 aB-666090 adpl bVariety  bDBAD/PUB a025.84095485 aBalakriishna, P.  aPreservation and organization of manuscripts in the libraries / cby P. Balakrishna  aNew Delhi bSBW Pub. c2015 a4831/24, Prahlad Gali, Ansari Road, Darya Ganj, bNew Delhi e110002 aviii,182p. c25cm(Hb) aIncludes bibliographical references and index